| 000 | 00396nam a22001217a 4500 | ||
|---|---|---|---|
| 082 | _a226.3 LAL | ||
| 100 | _aLalnun Rema | ||
| 245 | _aUNDERSTANDING QURANIC CHRISTOLOGICAL TITLES THROUGH MARK'S CHRISTOLOGY: ITS RELEVANCE to INTERFAITH... | ||
| 260 |
_aHenry Martyn Institute, Hyyderabad _bHenry Martyn Institute _c2020 |
||
| 300 | _a83 | ||
| 650 | _aBible-Mark Bible-New Testament | ||
| 942 | _cTHES | ||
| 999 |
_c23163 _d23163 |
||